Central Library OPAC University of Rajshahi

Project management / (Record no. 61318)

MARC details
000 -LEADER
fixed length control field 00749nam a2200265 a 4500
001 - CONTROL NUMBER
control field 61318
003 - CONTROL NUMBER IDENTIFIER
rucl marc code BD-RjUL
005 - DATE AND TIME OF LATEST TRANSACTION
control field 20211209080939.0
008 - FIXED-LENGTH DATA ELEMENTS--GENERAL INFORMATION
fixed length control field 170117s1985 ii b 001 0 eng d
035 ## - SYSTEM CONTROL NUMBER
System control number (BD-RjUL)61442
040 ## - CATALOGING SOURCE
Original cataloging agency BD-RjUL
Language of cataloging eng
Transcribing agency BD-RjUL
Modifying agency BD-RjUL
041 ## - LANGUAGE CODE
Language code of text/sound track or separate title eng
082 ## - DEWEY DECIMAL CLASSIFICATION NUMBER
Classification number 658.404
Edition number 23
Author mark and year PRP 1985
100 1# - MAIN ENTRY--PERSONAL NAME
Personal name Prasad, Lallan
9 (RLIN) 182877
245 10 - TITLE STATEMENT
Title Project management /
Statement of responsibility, etc. Lallan Prasad;
250 ## - EDITION STATEMENT
Edition statement 2nd rev. ed
260 ## - PUBLICATION, DISTRIBUTION, ETC. (IMPRINT)
Place of publication, distribution, etc. New Delhi :
Name of publisher, distributor, etc. Sterling,
Date of publication, distribution, etc. 1985
300 ## - PHYSICAL DESCRIPTION
Pagination 286 p. :
Illustrations ill. ;
Size 22 cm
500 ## - GENERAL NOTE
General note Includes index
650 #0 - SUBJECT ADDED ENTRY--TOPICAL TERM
Topical term or geographic name as entry element Project management
9 (RLIN) 175324
Topical term or geographic name as entry element Production management
9 (RLIN) 175324
Topical term or geographic name as entry element Project management.
9 (RLIN) 177661
700 ## - ADDED ENTRY--PERSONAL NAME
Personal name Bannerjee, A M
942 ## - ADDED ENTRY ELEMENTS (KOHA)
Source of classification or shelving scheme Dewey Decimal Classification
Koha item type Books
Holdings
Lost status Source of classification or shelving scheme Damaged status Not for loan Collection code Permanent Location Current Location Shelving location Date acquired Source of acquisition Cost, normal purchase price Total Checkouts Full call number Date last seen Copy number Koha item type
  Dewey Decimal Classification   Not For Loan Non-fiction Central Library, University of Rajshahi Central Library, University of Rajshahi Reading Room 23/04/1989 Karim int. 100.00   658.404 PRP 1985 17/01/2017 C-1 Books
  Dewey Decimal Classification     Non-fiction Central Library, University of Rajshahi Central Library, University of Rajshahi   23/04/1989 karim Int. 100.00   658.404 PRP 1985 23/09/2019 C-2 Books